| 000 | 01139cam a22002055a 4500 | ||
|---|---|---|---|
| 001 | L140862 | ||
| 008 | 071016s1953 xxk eng u | ||
| 035 | _a(Sirsi) u140862 | ||
| 041 | 0 | _aeng | |
| 110 | 2 |
_aRogers, Chapman and Thomas _95394 |
|
| 245 | 0 | 0 | _aParticulars and conditions of sale of valuable freehold ground rent of per £115 annum secured on no. 37 St. Martins Lane, W.C.2...and a substantial long leasehold investment no. 71 New Bond Street, W.1...for sale by auction by Messrs. Rogers, Chapman and Thomas at the London Auction Mart, 155 Queen Victoria Street, E.C.4 at 2.30 p.m. on Tuesday 17th November 1953 |
| 260 |
_aS.l. _bs.n. _c[1953] |
||
| 300 |
_a8 leaves _c25 cm. + _e2 plans (col., 33 x 20 cm., folded to 11 x 20 cm.) |
||
| 340 | _aPrinted | ||
| 351 | _cSingle item | ||
| 500 | _aThe item has 'clerks particulars' written on the front cover, and inside blank pages have been interleaved with the printed pages, and annotated with details of the bidding and the final sale price. | ||
| 651 | 4 | _aLondon | |
| 690 | _aPROPERTY-PROPERTY ACQUISITION AND DISPOSAL-ACQUISITION AND DISPOSAL AT AUCTION | ||
| 942 | _n0 | ||
| 999 |
_c116506 _d116506 |
||